Manuale di farmacologia e farmacoterapia veterinaria
| मुख्य लेखक: | |
|---|---|
| स्वरूप: | पुस्तक |
| भाषा: | Italian |
| विषय: |
MARC
| LEADER | 00000nam a22000007a 4500 | ||
|---|---|---|---|
| 003 | Ucuenca | ||
| 005 | 20231125064144.0 | ||
| 008 | 190108b1946 it ||||| |||| 00| 0 ita d | ||
| 040 | |b spa | ||
| 041 | 0 | |a it | |
| 082 | 0 | |a 636.089 | |
| 100 | 1 | |a Adami, Enrico. |9 232096 | |
| 245 | |a Manuale di farmacologia e farmacoterapia veterinaria |c Enrico Adami |h imp | ||
| 264 | |a Milán |b Istituto Editoriale Cisalpino |c 1946 | ||
| 300 | |a 263 páginas: |b ilu |c 23.5 cm | ||
| 650 | 7 | |a Farmacología |9 3025 | |
| 650 | 0 | |a Veterinaria |9 20674 | |
| 942 | |2 ddc |c BK |z bladimir.cabrerar@ucuenca.edu.ec | ||
| 999 | |c 156593 |d 156593 | ||